000 02503nam0a2200385 4500
001 RU\NLR\BIBL_A\011450746
005 20241115075424.0
010 _a9785446515189
_9500
021 _aRU
_b2017-51501
_93691
035 _a(RuMoRGB)008935053
035 _a(NLR Aleph) 011450746
090 _a11751401
_c11751401
100 _a20170808d2017 k y0rusy50 ca
101 0 _arus
102 _aRU
105 _aa zzzz000|1yy
200 1 _aУправление интеллектуальным капиталом средств массовой информации
_eмонография
_fБирюков Владимир Александрович, Баронин Михаил Сергеевич
_gМинистерство образования и науки Российской Федерации, Федеральное государственное бюджетное образовательное учреждение высшего образования "Московский политехнический университет" (Московский Политех)
210 _aМосква
_cМосковский политехнический университет
_d2017
215 _a160 с.
_cил., табл.
_d20
300 _aВ вып. дан. авт.: Бирюков В. А., доц., к. э. н.,, Баронин М. С., магистр
320 _aБиблиогр.: с. 104-107 (50 назв.) и в подстроч. примеч.
606 _aПредприятия
_xИнтеллектуальный капитал
_xУправление
_92551132
_3RU\NLR\AUTH\661509584
606 1 _aПредприятия
_xИнтеллектуальный капитал
_xОценка
_92553626
_3RU\NLR\AUTH\661510923
606 _aСредства массовой информации
_xУправление
_yРоссийская Федерация
_92281203
_3RU\NLR\AUTH\661366725
610 0 _aинтеллектуальный капитал средств массовой информации - управление
686 _aЧ612.4(2Р)к,0
_2rubbk
686 _aЧ630.4(2Р)к,0
_2rubbk
686 1 _aУ9(2)-14(2Р)
686 1 _aЧ600.4(2Р)к
700 1 _aБирюков
_bВ. А.
_cканд. экон. наук
_gВладимир Александрович
_9214170
_3RU\NLR\AUTH\770214226
701 1 _aБаронин
_bМ. С.
_gМихаил Сергеевич
942 _cBOOK
980 _aNBR